000 00558nam a2200217Ia 4500
003 OSt
005 20220928141427.0
006 a|||||r|||| 00| 0
007 ta
008 220927b |||||||| |||| 00| 0 eng d
024 _a14860
037 _cTextual
040 _aSDCL
_cSDCL
_beng
041 _2eng
_aeng
082 _aB316, N9
100 _aGorniewicz Lech
_9500015
245 0 _aTopoligical fixed point theory of multivalued mappings.
260 _c1999
942 _hB316, N9
_cTEXL
_2CC
999 _c817269
_d817269